Highest Mountains in Australian States - Statistics

General Stats
  • This quiz has been taken 63 times
  • The average score is 3 of 8
Answer Stats
State/Territory Answer Height (m) Height (ft) % Correct
VIC Mount Bogong 1986 6516
67%
NSW Mount Kosciuszko 2228 7310
67%
TAS Mount Ossa 1617 5305
48%
QLD Mount Bartle Frere 1611 5285
43%
NT Mount Zeil 1531 5023
33%
ACT Bimberi Peak 1912 6276
24%
SA Mount Woodroffe 1435 4708
24%
WA Mount Meharry 1249 4098
19%
No matching quizzes found
Score Distribution
Percent of People with Each Score
Percentile by Number Answered
Your Score History
You have not taken this quiz